| 000 | 00708nam a22002417a 4500 | ||
|---|---|---|---|
| 003 | CHAP | ||
| 005 | 20220329133901.0 | ||
| 008 | 971013s r 00010 d | ||
| 010 | _a12230 | ||
| 011 | _a13202 | ||
| 035 | _a17273 | ||
| 040 | _cCHAP | ||
| 090 | _aR-63 | ||
| 100 | 0 | 0 |
_aHastings, James Rodney. _953052 |
| 245 | _aSeasonal precipitation regimes in Baja California, México | ||
| 500 | _aSobretiro de: Geografiska Annaler Ser A. 47(4):204-233, 1965 | ||
| 590 |
_aBATCH-UPD _b10 _c20130110 _lUCH01 _h2130 |
||
| 590 |
_aCONVERSION _b10 _c20130109 _lUCH01 _h1308 |
||
| 650 | 1 | 4 |
_aLluvia _xBaja California. _967316 |
| 901 | _aBK | ||
| 942 | _cREIMP | ||
| 949 |
_aR-63 _bBC _cR _d-40896 _eTS1 _i17273 _si |
||
| 999 |
_c12230 _d12230 |
||